000 00536nam a2200181Ia 4500
999 _c22735
_d22735
003 OSt
005 20200610111012.0
008 190216s9999||||xx |||||||||||||| ||und||
020 _a9788183870337
040 _coclc
082 _a297.27
_bHAS/A
100 _aHasnain, Nadeem
_92168
245 0 _aAspects Of Islam And Muslim Societies /
_cNadeem Hasnain
260 _bSerials Publications,
_aNew Delhi:
_c2006.
300 _a352p
650 _aIslamic History
942 _cBK
_2ddc
_h297.27
_iHAS/A
_k297.27
_mHAS/A